Kinh nghiệm phát triển xuất khẩu bền vững mặt hàng rau quả sang thị trường EU của một số nước và bài học kinh nghiệm đối với Việt Nam /

সংরক্ষণ করুন:
গ্রন্থ-পঞ্জীর বিবরন
প্রধান লেখক: Phạm Nguyên Minh.
অন্যান্য লেখক: Đinh Công Hoàng.
বিন্যাস: প্রবন্ধ
ভাষা:Vietnamese
বিষয়গুলি:
EU
ট্যাগগুলো: ট্যাগ যুক্ত করুন
কোনো ট্যাগ নেই, প্রথমজন হিসাবে ট্যাগ করুন!
Thư viện lưu trữ: Thư viện Trường Đại học Đà Lạt
LEADER 01091nam a2200325 4500
001 DLU210196672
005 ##20210630
040 # # |a DLU  |b vie 
041 # # |a vie 
044 # # |a vn 
100 # # |a Phạm Nguyên Minh. 
245 # # |a Kinh nghiệm phát triển xuất khẩu bền vững mặt hàng rau quả sang thị trường EU của một số nước và bài học kinh nghiệm đối với Việt Nam /  |c Phạm Nguyên Minh, Đinh Công Hoàng. 
653 # # |a Châu Phi 
653 # # |a EU 
653 # # |a Rau quả 
653 # # |a Thỗ Nhĩ Kỳ 
653 # # |a Trung Quốc 
653 # # |a Xuất khẩu 
700 # # |a Đinh Công Hoàng. 
773 # # |t Nghiên cứu Châu Âu  |g Số 9(228), 2019, tr. 20-32 
920 # # |a Phòng Tạp chí -- Trung tâm Thông tin - Thư viện Trường Đại học Đà Lạt 
933 # # |a XH 
994 # # |a DLU 
900 # # |a True 
911 # # |a Hoàng Thị Huyền 
925 # # |a G 
926 # # |a A 
927 # # |a BB 
980 # # |a Thư viện Trường Đại học Đà Lạt